000 00503nam a2200181Ia 4500
005 20250508151642.0
008 008 250505s9999 xx 000 0 eng d
037 _aTextual
040 _aFEDL
_beng
_cFEDL
041 _aeng
_2eng
084 _a372, IOW
_qFEDL
100 _aUpdegraff Ruth et. al
_9759679
245 0 _aStudies in preschool education 1. Vol 14
260 _aIowa
_bUniversity of Iowa
_c1917
300 _a282p.
942 _cTEXL
_h372, IOW
999 _c1331173
_d1331173